[Event "Saint Affrique op 22nd"]
[Site "Saint Affrique"]
[Date "2014.07.22"]
[Round "5"]
[White "Cellier Valencia, Baptiste"]
[Black "Boyd, Emilie"]
[Result "1-0"]
[WhiteElo "1347"]
[BlackElo "1192"]
[PlyCount "47"]
[EventDate "2014.07.19"]
[EventType "swiss"]
[EventRounds "9"]
[EventCountry "FRA"]
[SourceTitle "CBM 161 Extra"]
[Source "ChessBase"]
[SourceDate "2014.08.29"]
[SourceVersion "1"]
[SourceVersionDate "2014.08.29"]
[SourceQuality "1"]

1. d4 d5 2. Nf3 Nc6 3. c4 Nf6 4. cxd5 Nxd5 5. e4 Nf6 6. d5 Nb8 7. Nc3 Bg4 8. Bf4 Nbd7 9. Rc1 a6 10. h3 Bh5 11. e5 Bxf3 12. Qxf3 g6 13. exf6 Nxf6 14. Be5 Bg7 15. Ne4 0-0 16. Nxf6+ exf6 17. Bxc7 Qe7+ 18. Be2 f5 19. d6 Qd7 20. b3 Rfe8 21. 0-0 Be5 22. Rfd1 Rac8 23. Qxb7 Ra8 24. Bxa6 1-0

[Event "Saint Affrique op 22nd"]
[Site "Saint Affrique"]
[Date "2014.07.21"]
[Round "3"]
[White "Gaubert, Cedric"]
[Black "Boyd, Emilie"]
[Result "1-0"]
[WhiteElo "1384"]
[BlackElo "1192"]
[PlyCount "65"]
[EventDate "2014.07.19"]
[EventType "swiss"]
[EventRounds "9"]
[EventCountry "FRA"]
[SourceTitle "CBM 161 Extra"]
[Source "ChessBase"]
[SourceDate "2014.08.29"]
[SourceVersion "1"]
[SourceVersionDate "2014.08.29"]
[SourceQuality "1"]

1. d4 d5 2. Nf3 Nc6 3. c3 Nf6 4. e3 Bf5 5. Bd3 Qd7 6. Bxf5 Qxf5 7. b3 0-0-0 8. 0-0 Ne4 9. Qd3 f6 10. Nfd2 Qg6 11. f3 Nxd2 12. Qxd2 e5 13. Ba3 a6 14. Bxf8 Rhxf8 15. f4 e4 16. f5 Qg5 17. c4 Ne7 18. Qf2 g6 19. fxg6 hxg6 20. cxd5 Nxd5 21. Re1 Rh8 22. Nd2 f5 23. Rac1 Nb4 24. Nc4 Nd3 25. Qc2 Nxe1 26. Nd6+ Kd7 27. Qxc7+ Ke6 28. d5+ Kxd5 29. Rc5+ Ke6 30. Qf7+ Kxd6 31. Qd5+ Ke7 32. Rc7+ Ke8 33. Qf7# 1-0